| 000 | 01239nam0a2200337 4500 | ||
|---|---|---|---|
| 001 | RU\NLR\bibl\1854382 | ||
| 005 | 20250616180552.0 | ||
| 010 |
_a978-5-94832-298-8 _97000 |
||
| 021 |
_aRU _b2011-100281 _97175 |
||
| 035 | _a(NLR Aleph) 001844316 | ||
| 090 |
_a2315009 _c2315009 |
||
| 100 | _a20120111d2012 |||y0rusy50 ca | ||
| 101 | 0 | _arus | |
| 102 | _aRU | ||
| 105 | _aa ||||||||| | ||
| 200 | 1 |
_aВеселые конкурсы для большой компании _fБахарева Кристина, Брыкалина Валентина, Плешакова Ирина |
|
| 210 |
_aМосква _cЛада _d2012 |
||
| 215 |
_a299, [1] с. _cил. _d20 |
||
| 606 | 1 |
_aИгры _9888385 _3RU\NLR\auth\66552 |
|
| 606 | 1 |
_aРозыгрыши _92297187 _3RU\NLR\auth\661375486 |
|
| 686 | _aЧ711.259 | ||
| 700 | 1 |
_aБахарева _bК. С. _gКристина Сергеевна _4070 |
|
| 701 | 1 |
_aБрыкалина _bВ. В. _gВалентина Валерьевна _4070 |
|
| 701 | 1 |
_aПлешакова _bИ. В. _gИрина Владимировна _4070 |
|
| 801 | 0 |
_aRU _bNLR _c20120111 _gRCR |
|
| 801 | 1 |
_aRU _bNLR _c20120111 |
|
| 830 | _aавт. по кн. | ||
| 942 | _cBOOK | ||
| 980 | _aNB | ||
| 980 | _aNBR | ||